书目信息 |
| 题名: |
西周伦理思想研究
|
|
| 作者: | 徐难于 著 | |
| 分册: | ||
| 出版信息: | 北京 中华书局 2020 |
|
| 页数: | 250页 | |
| 开本: | 24cm | |
| 丛书名: | ||
| 单 册: | ||
| 中图分类: | B82-092 | |
| 科图分类: | ||
| 主题词: | 伦理思想--lun li si xiang--思想史--中国--西周时代 | |
| 电子资源: | ||
| ISBN: | 978-7-101-14327-0 | |
| 000 | 01751nam0 2200289 450 | |
| 001 | 2131055975 | |
| 005 | 20211029202829.0 | |
| 010 | @a978-7-101-14327-0@dCNY68.00 | |
| 100 | @a20200416d2020 em y0chiy0120 ea | |
| 101 | 0 | @achi |
| 102 | @aCN@b110000 | |
| 105 | @ay az 000yy | |
| 106 | @ar | |
| 200 | 1 | @a西周伦理思想研究@Axi zhou lun li si xiang yan jiu@e多维视野下的中国古代伦理思想溯源@dA study of the ethical criticism of the Western Zhou dynasty@etracing the origin of ancient Chinese ethical criticism from a multi-dimensional perspective@f徐难于著@zeng |
| 210 | @a北京@c中华书局@d2020 | |
| 215 | @a250页@d24cm | |
| 300 | @a国家社科基金后期资助项目 | |
| 314 | @a徐难于,1955年12月生,四川武胜人。1983年毕业于四川大学历史系,获历史学学士学位。1998年考入四川大学历史文化学院,师从著名古文字学、先秦史学专家彭裕商攻读考古及博物馆学方向博士学位,2001年获历史学博士学位。 | |
| 320 | @a有书目(第242-248页) | |
| 330 | @a本书充分利用西周金文与传世文献史料,围绕宗教、伦理、政治互动的主线,对西周的孝友等血缘伦理思想,以及德、敬、肃、恭、勤、雍、和等政治伦理思想与善恶评价思想进行宏观与微观的深入探讨。在西周与后世的比较视野下,围绕西周基本社会制度的伦理影响,深入探研西周的“德治”思想及其“层级推衍治理”思想,从而揭示西周伦理政治思想的主要时代特征。 | |
| 510 | 1 | @aA study of the ethical criticism of the Western Zhou dynasty@etracing the origin of ancient Chinese ethical criticism from a multi-dimensional perspective@zeng |
| 517 | 1 | @a多维视野下的中国古代伦理思想溯源@Aduo wei shi ye xia de zhong guo gu dai lun li si xiang su yuan |
| 606 | 0 | @a伦理思想@Alun li si xiang@x思想史@y中国@z西周时代 |
| 690 | @aB82-092@v5 | |
| 701 | 0 | @a徐难于@Axu nan yu@f(1955-)@4著 |
| 801 | 0 | @aCN@b百万庄@c20211029 |
| 905 | @b1313491-94@dB82-092@e1901@f4 | |
| 西周伦理思想研究:多维视野下的中国古代伦理思想溯源=A study of the ethical criticism of the Western Zhou dynasty:tracing the origin of ancient Chinese ethical criticism from a multi-dimensional perspective/徐难于著.-北京:中华书局,2020 |
| 250页;24cm |
| 国家社科基金后期资助项目 |
| ISBN 978-7-101-14327-0:CNY68.00 |
| 本书充分利用西周金文与传世文献史料,围绕宗教、伦理、政治互动的主线,对西周的孝友等血缘伦理思想,以及德、敬、肃、恭、勤、雍、和等政治伦理思想与善恶评价思想进行宏观与微观的深入探讨。在西周与后世的比较视野下,围绕西周基本社会制度的伦理影响,深入探研西周的“德治”思想及其“层级推衍治理”思想,从而揭示西周伦理政治思想的主要时代特征。 |
| ● |
| 相关链接 |
|
|
|
|
正题名:西周伦理思想研究
索取号:B82-092/1901
 
预约/预借
| 序号 | 登录号 | 条形码 | 馆藏地/架位号 | 状态 | 备注 |
| 1 | 1313491 | 213134918 | 第一样本阅览室/ [索取号:B82-092/1901] | 在馆 | |
| 2 | 1313492 | 213134927 | 第一借阅区/ [索取号:B82-092/1901] | 在馆 | |
| 3 | 1313493 | 213134936 | 第一借阅区/ [索取号:B82-092/1901] | 在馆 | |
| 4 | 1313494 | 213134945 | 第一借阅区/ [索取号:B82-092/1901] | 在馆 |